| 000 | 00584cam a22001697a 4500 | ||
|---|---|---|---|
| 008 | 180718b2002 xxu||||| |||| 00| 0 eng d | ||
| 100 | _aEdmonds, Eric | ||
| 245 |
_aChild labor in transition in Vietnam _cby Eric Edmonds and Carrie Turk |
||
| 260 |
_aWashington, D.C. _bWorld Bank _c2002 |
||
| 300 | _a55p. | ||
| 440 | _aPolicy research working paper, no. 2774 | ||
| 650 | _aQuality of life --Vietnam | ||
| 650 | _aAge and employment --Vietnam | ||
| 650 | _aFamily-owned business enterprises --Social aspects --Vietnam | ||
| 650 | _aChild labor --Vietnam | ||
| 700 | _aTurk, Carrie | ||
| 999 |
_c287980 _d287980 |
||